000
00296nam a2200133Ia 4500
005
20260328101445.0
008
260328s9999||||xx |||||||||||||| ||und||
100
_a
Marías, Fernando
245
0
_a
Bosch /
_c
Fernando Marías
260
_b
Silex
300
_a
48 p.
650
_a
ARTE
942
_c
BK
999
_c
8424
_d
8424